000164569 001__ 164569 000164569 005__ 20251203145552.0 000164569 037__ $$aTAZ-TFG-2025-4092 000164569 041__ $$aspa 000164569 1001_ $$aUrgel Fau, Jorge 000164569 24200 $$aLoss Aversion in Behavioral Economics: A Practical Case 000164569 24500 $$aLa aversión a la pérdida en la economía conductual: un caso práctico. 000164569 260__ $$aZaragoza$$bUniversidad de Zaragoza$$c2025 000164569 506__ $$aby-nc-sa$$bCreative Commons$$c3.0$$uhttp://creativecommons.org/licenses/by-nc-sa/3.0/ 000164569 520__ $$aEl presente trabajo se enmarca dentro de la determinada como economía conductual, más concretamente sobre la descripción de los distintos sesgos cognitivos que se pueden apreciar dentro de esta área económica. enfocando nuestro análisis en la aversión a la pérdida.<br />El objetivo de este trabajo es realizar un pequeño estudio, mediante una encuesta, para así poder comparar los resultados obtenidos con los analizados por Kahneman y Tversky en su teoría. Más específicamente, analizaremos la teoría de Kahneman y Tversky sobre la aversión a la pérdida y compraremos los datos obtenidos en nuestro pequeño experimento con los resultados de su estudio Advances in Prospect Theory: Cumulative Representation of Uncertainty, el cual otorgó a Kahneman el Premio Nobel de Economía en el año 2002 (Tversky había fallecido entonces).<br />Finalmente, el final de este trabajo será concluir si los sesgos cognitivos son realmente influyentes dentro de los comportamientos y las decisiones económicas de los individuos, gracias a los resultados obtenidos en nuestro experimento y la comparación de los mismos con los del estudio de Kahneman y Tversky.<br /><br /> 000164569 521__ $$aGraduado en Administración y Dirección de Empresas 000164569 540__ $$aDerechos regulados por licencia Creative Commons 000164569 691__ $$a0 000164569 692__ $$a 000164569 700__ $$aCandeal Haro, Juan Carlos$$edir. 000164569 7102_ $$aUniversidad de Zaragoza$$bAnálisis Económico$$c 000164569 8560_ $$f797624@unizar.es 000164569 8564_ $$s1309149$$uhttps://zaguan.unizar.es/record/164569/files/TAZ-TFG-2025-4092.pdf$$yMemoria (spa) 000164569 909CO $$ooai:zaguan.unizar.es:164569$$pdriver$$ptrabajos-fin-grado 000164569 950__ $$a 000164569 951__ $$adeposita:2025-12-03 000164569 980__ $$aTAZ$$bTFG$$cECON 000164569 999__ $$a20250904224936.CREATION_DATE